| 000 | 00896nam a2200217 a 4500 | ||
|---|---|---|---|
| 008 | 061128s2006 ||||||||||||||||| || u | ||
| 020 | _a0821367234 | ||
| 050 | _aJF 1525.C66 Rol | ||
| 100 | _aJohnston, Niall | ||
| 245 | 1 | 4 |
_aThe role of parliament in curbing corruption _cedited by Rick Stapenhurst;Niall Johnston;Riccardo Pelizzo |
| 260 |
_aWashington, D. C. _bWorld Bank _c2006 |
||
| 300 | _axii;263p.; ill. | ||
| 350 | _a0.00 | ||
| 490 | _aWBI development studies | ||
| 650 | 0 | _aECONOMIC DEVELOPMENT--AFRICA, SUB-SAHARAN | |
| 650 | _aLEGISLATIVE BODIES--DEVELOPING COUNTRIES | ||
| 650 | _aPOLITICAL CORRUPTION--DEVELOPING COUNTRIES--PREVENTION | ||
| 700 | _aStapenhurst, Rick | ||
| 700 | _aPellizo, Riccardo | ||
| 995 |
_D0.00 _FCBU-MAIN LIBRARY (Kitwe) _H1 _I0.00 _M1 _UAVAILABLE _WJan 9, 2008 _ZMain Library Open Access Collection |
||
| 999 |
_c56692 _d56692 |
||